[Event "ch-Euro Blitz"]
[Site "Ajaccio FRA"]
[Date "2007.10.25"]
[Round "14"]
[White "Bacrot, E."]
[Black "Bauer, Ch"]
[Result "1-0"]
[WhiteElo "2695"]
[BlackElo "2634"]
[PlyCount "51"]
[EventDate "2007.10.25"]
[Source "www.chesslib.no"]
[SourceDate "2004.05.04"]

1. d4 Nc6 2. d5 Ne5 3. Bf4 Ng6 4. Bg3 Nf6 5. Nc3 e5 6. e4 Bb4 7. Bd3 d6 8. f3 Nh5 9. Bf2 c6 10. dxc6 bxc6 11. g3 Ba5 12. f4 Nf6 13. f5 Ne7 14. Nge2 Ng4 15. Bg1 Bb6 16. Qd2 Bxg1 17. Nxg1 Qb6 18. Nf3 g6 19. h3 Nf6 20. O-O-O Rb8 21. b3 Qa5 22. Kb1 Qb4 23. g4 h6 24. Bc4 Qxc4 25. Qxd6 Qxc3 26. Qd3 1-0

[Event "Degremont GP"]
[Site "Clichy"]
[Date "2004.03.13"]
[Round "2.5"]
[White "Tregubov, Pavel V"]
[Black "Bauer, Christian"]
[Result "1/2-1/2"]
[WhiteElo "2628"]
[BlackElo "2599"]
[PlyCount "76"]
[EventDate "2004.03.13"]
[Source "Roberto Alvarez"]
[SourceDate "2004.03.22"]

1. d4 Nc6 2. d5 Ne5 3. e4 Ng6 4. Nf3 e5 5. dxe6 fxe6 6. Nc3 Bc5 7. Bg5 N8e7 8. h4 h6 9. Bd2 O-O 10. g3 d6 11. Bg2 Ne5 12. O-O N7g6 13. Nxe5 Nxe5 14. Qe2 Bd7 15. Be3 Bxe3 16. Qxe3 Qf6 17. Rad1 Nc4 18. Qd4 Qxd4 19. Rxd4 b5 20. b3 Nb6 21. f4 a5 22. Rfd1 b4 23. Ne2 Bb5 24. R4d2 Bxe2 25. Rxe2 e5 26. fxe5 dxe5 27. Red2 Rf6 28. Bh3 Rc6 29. h5 a4 30. Bf5 axb3 31. axb3 Kf7 32. Bg6+ Ke7 33. Rf1 Rf6 34. Rxf6 gxf6 35. Kf2 Rd8 36. Ke3 Rxd2 37. Kxd2 Nc8 38. c3 c5 1/2-1/2

[Event "Antwerpen 73/56"]
[Site "?"]
[Date "1998.??.??"]
[Round "?"]
[White "Gurevich, Mikhail"]
[Black "Zoler, Dan"]
[Result "1-0"]
[WhiteElo "2610"]
[BlackElo "2500"]
[PlyCount "65"]
[EventDate "1998.??.??"]
[Source "ChessBase"]
[SourceDate "1998.06.01"]

1. d4 Nc6 2. c4 e5 3. d5 Bb4+ 4. Nd2 Nce7 5. a3 Bxd2+ 6. Bxd2 d6 7. e4 f5 8. Qh5+ Kf8 9. f3 Nf6 10. Qh4 Ng6 11. Qf2 Kf7 12. exf5 Bxf5 13. g4 Bd7 14. h4 Re8 15. h5 Nf4 16. O-O-O Ba4 17. Re1 b5 18. Nh3 Nxh3 19. Rxh3 Qd7 20. Rh4 bxc4 21. g5 Nxd5 22. Bxc4 Qc6 23. Kb1 Bb5 24. Ba2 Kf8 25. f4 e4 26. Qd4 Bd3+ 27. Ka1 e3 28. h6 Re5 29. hxg7+ Ke7 30. fxe5 exd2 31. exd6+ Kxd6 32. Rh6+ Bg6 33. Qxd2 1-0

[Event "Gent op 22nd"]
[Site "?"]
[Date "1999.??.??"]
[Round "?"]
[White "Gurevich Mikhail"]
[Black "Mestrovic Zvonimir"]
[Result "1-0"]
[WhiteElo "2643"]
[BlackElo "2466"]
[PlyCount "123"]
[EventDate "1999.??.??"]
[Source "www.chesslib.no"]
[SourceDate "2004.05.04"]

1. d4 Nc6 2. Bg5 h6 3. Bh4 g5 4. Bg3 Bg7 5. e3 e5 6. Nf3 d6 7. dxe5 dxe5 8. Qxd8+ Kxd8 9. Nc3 Be6 10. O-O-O+ Kc8 11. h4 g4 12. Nd2 Nge7 13. Nde4 b6 14. Ba6+ Kb8 15. a3 Bc8 16. Bc4 f5 17. Nd2 Bb7 18. h5 a6 19. Bh4 Rf8 20. f3 Ka7 21. Rhf1 gxf3 22. gxf3 Bf6 23. Bxf6 Rxf6 24. Rg1 b5 25. Ba2 Rd8 26. Rg7 Rfd6 27. Nf1 Rxd1+ 28. Nxd1 f4 29. e4 Nd4 30. Nc3 Nec6 31. Nd2 b4 32. Nd5 bxa3 33. bxa3 Ne2+ 34. Kb2 Nb8 35. Rxc7 Rd7 36. Rxd7 Nxd7 37. Ne7 Ng3 38. Ng8 Nxh5 39. Nxh6 Nhf6 40. Nf7 Kb6 41. Be6 Kc5 42. Bxd7 Nxd7 43. Kc3 Bc6 44. Nc4 Nf6 45. Nfxe5 Bxe4 46. fxe4 Nxe4+ 47. Kd3 Kd5 48. Nf3 Nf2+ 49. Kc3 Kc5 50. Ncd2 Nd1+ 51. Kb3 Ne3 52. Ne4+ Kd5 53. Ned2 Kc5 54. c4 a5 55. Ne4+ Kc6 56. Nf2 Kb6 57. Nd3 Ng2 58. Kc3 Kc6 59. a4 Kb6 60. Kd4 Kc6 61. c5 Ne3 62. Nfe5+ 1-0

[Event "SLO-chT"]
[Site "Bled"]
[Date "1996.??.??"]
[Round "4"]
[White "Dizdar, Goran"]
[Black "Mohr, Georg"]
[Result "1/2-1/2"]
[WhiteElo "2535"]
[BlackElo "2510"]
[PlyCount "27"]
[EventDate "1996.??.??"]
[Source "ChessBase"]

1. d4 Nc6 2. d5 Ne5 3. e4 e6 4. f4 Ng6 5. dxe6 dxe6 6. Bd3 Bc5 7. Nf3 Bd7 8. Qe2 Nf6 9. g3 Qe7 10. Nc3 Bc6 11. Bd2 O-O-O 12. O-O-O Rhe8 13. Kb1 e5 14. f5 1/2-1/2

[Event "It (open)"]
[Site "?"]
[Date "2005.08.23"]
[Round "6"]
[White "Kunte Abhijit"]
[Black "Gonzales Jayson"]
[Result "0-1"]
[WhiteElo "2561"]
[BlackElo "2477"]
[PlyCount "88"]
[EventDate "2005.??.??"]
[Source "www.chesslib.no"]
[SourceDate "2004.05.04"]

1. d4 Nc6 2. Nf3 d6 3. g3 Bg4 4. Bg2 e5 5. d5 Nb8 6. c4 Nd7 7. Nc3 Be7 8. O-O Ngf6 9. e4 Nc5 10. Qc2 a5 11. Be3 Nfd7 12. Nd2 g5 13. b3 Rg8 14. a3 Nf6 15. b4 Ncd7 16. Nb3 b6 17. bxa5 bxa5 18. a4 Kf8 19. f3 Bh5 20. Nb5 g4 21. f4 exf4 22. gxf4 g3 23. h3 Ne8 24. e5 dxe5 25. fxe5 Bg6 26. Qb2 Ra6 27. N3d4 Nxe5 28. d6 Rxd6 29. Nxd6 Qxd6 30. c5 Qd7 31. c6 Qd6 32. Bh6+ Rg7 33. Bxg7+ Nxg7 34. Rae1 Kg8 35. Ne6 Nxe6 36. Qxe5 Qb4 37. Rd1 Qxa4 38. Qxg3 Qb4 39. Rd7 a4 40. Rxc7 Qb6+ 41. Kh1 Qxc7 42. Qc3 a3 43. Qc4 Qg3 44. Rf3 Qe5 0-1

[Event "Miskolc"]
[Site "Miskolc"]
[Date "1990.??.??"]
[Round "8"]
[White "Ruban, Vadim"]
[Black "Ermenkov, Evgenij P"]
[Result "1/2-1/2"]
[WhiteElo "2555"]
[BlackElo "2465"]
[PlyCount "66"]
[EventDate "1990.12.??"]
[Source "www.chesslib.no"]
[SourceDate "2004.05.04"]

1. d4 Nc6 2. d5 Ne5 3. f4 Ng6 4. e4 e6 5. dxe6 fxe6 6. Nf3 Bc5 7. Nc3 d6 8. Na4 Bb6 9. Nxb6 axb6 10. e5 N8e7 11. exd6 cxd6 12. Bd3 O-O 13. O-O h6 14. Nd4 e5 15. fxe5 Nxe5 16. Be2 Rxf1+ 17. Qxf1 N7c6 18. Be3 Nxd4 19. Bxd4 Be6 20. b3 Qg5 21. Qf2 Bd5 22. Rd1 Be4 23. c3 d5 24. a4 Ng6 25. Be3 Qe7 26. Bd3 Bxd3 27. Rxd3 Ne5 28. Rd4 b5 29. h3 bxa4 30. Rxa4 Rxa4 31. bxa4 Nc4 32. Bd4 Nd6 33. Bc5 Qe6 1/2-1/2

[Event "Ljubljana Open"]
[Site "Ljubljana"]
[Date "1993.??.??"]
[Round "?"]
[White "Kozul, Zdenko"]
[Black "Mestrovic, Zvonimir"]
[Result "1/2-1/2"]
[WhiteElo "2550"]
[BlackElo "2450"]
[PlyCount "100"]
[EventDate "1993.??.??"]
[Source "www.chesslib.no"]
[SourceDate "2004.05.04"]

1. d4 Nc6 2. c4 e5 3. d5 Nce7 4. e4 Ng6 5. g3 Bc5 6. Nc3 Nf6 7. Bd3 c6 8. h3 O-O 9. Nge2 cxd5 10. cxd5 d6 11. Na4 Bb4+ 12. Kf1 Bd7 13. Be3 b5 14. a3 Ba5 15. Nac3 Bb6 16. Qd2 a5 17. Nd1 Bxe3 18. Nxe3 Qb6 19. Kg2 Nh5 20. h4 Ne7 21. Rac1 f5 22. exf5 Nxf5 23. Bxf5 Bxf5 24. Nxf5 Rxf5 25. Rhf1 Raf8 26. f3 Qa7 27. Qd3 Qf7 28. Qe4 Qg6 29. Rc3 Nf6 30. Qd3 e4 31. Qxb5 Nxd5 32. Qc4 Qf7 33. Qxe4 Re5 34. Qd3 Qg6 35. Rf2 Nxc3 36. Qxc3 Rc5 37. Qd2 Rc2 38. Qxa5 Qd3 39. Nf4 Rxf2+ 40. Kxf2 Qc2+ 41. Kf1 Qxb2 42. Qd5+ Kh8 43. Qxd6 Rc8 44. Ne2 Ra8 45. h5 h6 46. g4 Qxa3 47. Qxa3 Rxa3 48. Kf2 Kg8 49. Kg3 Kf7 50. Nd4 Kf6 1/2-1/2

[Event "US Open"]
[Site "Pasadena, CA USA"]
[Date "1983.??.??"]
[Round "7"]
[White "Bisguier, Arthur B"]
[Black "Shirazi, Kamran G"]
[Result "1/2-1/2"]
[WhiteElo "2430"]
[BlackElo "2565"]
[PlyCount "121"]
[EventDate "1983.08.07"]
[Source "www.chesslib.no"]
[SourceDate "2004.05.04"]

1. d4 Nc6 2. Nf3 f5 3. d5 Nb4 4. a3 Na6 5. b4 c5 6. dxc6 bxc6 7. c4 Nc7 8. Nc3 Nf6 9. g3 a5 10. Rb1 axb4 11. axb4 e6 12. Bg2 Rb8 13. c5 Ncd5 14. Nxd5 Nxd5 15. Bd2 Be7 16. O-O Bf6 17. Qc2 Ba6 18. Rfe1 O-O 19. e4 fxe4 20. Rxe4 Qe7 21. h4 Qf7 22. Ng5 Bxg5 23. Bxg5 Qf5 24. Qd2 h6 25. Be3 Nf6 26. Qd4 Nxe4 27. Bxe4 e5 28. Bxf5 exd4 29. Bf4 Rb7 30. Bg6 Be2 31. Be5 d3 32. f4 d2 33. Bc2 g5 34. hxg5 hxg5 35. Kf2 d1=Q 36. Bxd1 Bxd1 37. Rxd1 Rf7 38. Rb1 gxf4 39. gxf4 Rh7 40. Ke3 Kf7 41. Ke4 Rh2 42. Kf5 Rh5+ 43. Kg4 Kg6 44. Rd1 Rh7 45. b5 cxb5 46. Rd6+ Kf7 47. Rb6 Ra7 48. Rxb5 Ke6 49. Rb1 Ra8 50. Rd1 Rg8+ 51. Kf3 Kf5 52. Ke3 Rg2 53. Kd4 Rc2 54. Rg1 Rd2+ 55. Kc4 Rh3 56. Rc1 Ke4 57. Re1+ Re3 58. Rxe3+ Kxe3 59. Kb5 Rc2 60. Kb6 Ke4 61. Kc7 1/2-1/2

[Event "It (open)"]
[Site "?"]
[Date "2005.04.22"]
[Round "7"]
[White "Ivanov Jordan"]
[Black "Bauer Christian"]
[Result "0-1"]
[WhiteElo "2350"]
[BlackElo "2640"]
[PlyCount "54"]
[EventDate "2005.??.??"]
[Source "www.chesslib.no"]
[SourceDate "2004.05.04"]

1. d4 Nc6 2. d5 Ne5 3. e4 e6 4. f4 Ng6 5. dxe6 fxe6 6. Nf3 Bc5 7. Nc3 d6 8. Bd3 a6 9. Qe2 Nh6 10. f5 Ne5 11. Nxe5 dxe5 12. Bb5+ c6 13. Bc4 O-O 14. fxe6 Kh8 15. Be3 Bxe3 16. Qxe3 Qe7 17. h3 b5 18. Bb3 Bxe6 19. O-O-O Bxb3 20. axb3 Ng8 21. Rhf1 Nf6 22. Rf5 a5 23. Rd3 Rfe8 24. g4 Nd7 25. Qg5 Nc5 26. Rdf3 Qxg5+ 27. Rxg5 g6 0-1

[Event "5th Open"]
[Site "Dubai"]
[Date "2003.04.25"]
[Round "5"]
[White "Magerramov, Elmar"]
[Black "Eid, Fadi"]
[Result "1-0"]
[WhiteElo "2558"]
[BlackElo "2431"]
[PlyCount "47"]
[EventDate "2003.04.21"]
[Source "Roberto Alvarez"]
[SourceDate "2003.05.05"]

1. d4 Nc6 2. d5 Ne5 3. e4 e6 4. f4 Ng6 5. dxe6 dxe6 6. Qxd8+ Kxd8 7. Nf3 Bd7 8. Bd3 Bd6 9. g3 N8e7 10. Nc3 a6 11. Bd2 h6 12. O-O-O b5 13. e5 Bc5 14. Rhe1 Kc8 15. Ne4 Bb6 16. Be3 Bxe3+ 17. Rxe3 Nd5 18. Ree1 Nb4 19. Nc5 Nxd3+ 20. Rxd3 Rd8 21. Red1 Nf8 22. f5 Rb8 23. fxe6 fxe6 24. Nxa6 1-0

[Event "Nova Gorica op"]
[Site "Nova Gorica"]
[Date "1999.02.04"]
[Round "8"]
[White "Romanishin, Oleg M"]
[Black "Sale, Srdjan"]
[Result "1-0"]
[WhiteElo "2572"]
[BlackElo "2415"]
[PlyCount "79"]
[EventDate "1999.01.28"]
[Source "ChessBase"]
[SourceDate "1999.03.01"]

1. d4 Nc6 2. d5 Nb8 3. Nf3 c6 4. c4 d6 5. Nc3 g6 6. e4 Bg7 7. Be2 Nf6 8. O-O O-O 9. h3 Na6 10. Be3 e5 11. dxc6 bxc6 12. Qa4 Qe8 13. b4 c5 14. Qxe8 Nxe8 15. b5 Nac7 16. a4 f5 17. a5 Ne6 18. Bd3 Nd4 19. Bxd4 cxd4 20. Nd5 Nf6 21. b6 axb6 22. axb6 Rb8 23. Rfb1 Bb7 24. Ng5 Rfe8 25. Nc7 Re7 26. c5 dxc5 27. exf5 Bh6 28. Bc4+ Kh8 29. Nf7+ Kg7 30. Nd6 Bc6 31. Ne6+ Kh8 32. Nxc5 Nd7 33. Nxd7 Rxd7 34. Nf7+ Kg7 35. Nxe5 Rd6 36. Ra7+ Kf6 37. Ng4+ Kg5 38. f4+ Kh4 39. Nxh6 gxf5 40. Rf1 1-0

[Event "Elgoibar"]
[Site "Elgoibar ESP"]
[Date "1994.??.??"]
[Round "?"]
[White "Flear, Glenn C"]
[Black "Izeta Txabarri, Felix"]
[Result "1-0"]
[WhiteElo "2525"]
[BlackElo "2460"]
[PlyCount "75"]
[EventDate "1994.11.??"]
[Source "www.chesslib.no"]
[SourceDate "2004.05.04"]

1. d4 Nc6 2. c4 e5 3. d5 Nce7 4. e4 Ng6 5. g3 Nf6 6. Bd3 Bc5 7. h4 h6 8. h5 Ne7 9. Nc3 d6 10. Bd2 c6 11. Rh4 b5 12. cxb5 cxd5 13. exd5 Bb7 14. Na4 Bb6 15. Nxb6 axb6 16. Ne2 O-O 17. Nc3 Nfxd5 18. Bxh6 gxh6 19. Qd2 Qd7 20. Qxh6 f5 21. Bc4 Rf7 22. Rd1 Nxc3 23. Rxd6 Qxd6 24. Bxf7+ Kxf7 25. Qxd6 Ne4 26. Qxb6 Bd5 27. a3 Rc8 28. Rxe4 Bxe4 29. Qe3 Nd5 30. Qb3 Ke6 31. b6 Rb8 32. b7 Kd6 33. f3 Bb1 34. h6 f4 35. gxf4 exf4 36. Kf2 Kc6 37. Qc4+ Kd6 38. Qc8 1-0

[Event "2nd IECC, Ohrid MKD"]
[Site "?"]
[Date "2001.??.??"]
[Round "1"]
[White "Neverov, V."]
[Black "Rossi, C."]
[Result "1-0"]
[WhiteElo "2560"]
[BlackElo "2415"]
[PlyCount "61"]
[EventDate "2001.??.??"]
[Source "www.chesslib.no"]
[SourceDate "2004.05.04"]

1. d4 Nc6 2. Nf3 d6 3. c4 g6 4. d5 Nb8 5. h3 Bg7 6. e4 Nf6 7. Bd3 O-O 8. Nc3 c6 9. O-O a5 10. Re1 Na6 11. Bg5 h6 12. Be3 e5 13. Qd2 Kh7 14. dxc6 bxc6 15. Rad1 Be6 16. Bc2 Qb8 17. Na4 d5 18. exd5 cxd5 19. Bb6 e4 20. Nd4 Bd7 21. Bxa5 dxc4 22. Nb6 Ra7 23. Nxc4 Rc8 24. b3 Nc5 25. Nb6 Re8 26. b4 e3 27. Rxe3 Nfe4 28. Qe1 Bxd4 29. Rxd4 Rxa5 30. Nxd7 Nxd7 31. bxa5 1-0

[Event "Bor"]
[Site "Bor"]
[Date "1985.??.??"]
[Round "10"]
[White "Plaskett, Jim"]
[Black "Nikolic, Zivoslav"]
[Result "1/2-1/2"]
[WhiteElo "2495"]
[BlackElo "2470"]
[PlyCount "41"]
[EventDate "1985.??.??"]
[Source "www.chesslib.no"]
[SourceDate "2004.05.04"]

1. d4 Nc6 2. Bg5 h6 3. Bh4 g5 4. Bg3 Bg7 5. e3 d6 6. h4 g4 7. Nc3 h5 8. Bb5 Bd7 9. Nge2 a6 10. Ba4 e6 11. Qd2 Nce7 12. Bb3 Nf5 13. e4 Nxg3 14. fxg3 Qf6 15. Rf1 Qh6 16. Nf4 Ne7 17. O-O-O O-O-O 18. Kb1 Kb8 19. Qf2 Rhf8 20. Rfe1 Bc8 21. a3 1/2-1/2

[Event "Bled Open"]
[Site "Bled SLO"]
[Date "1993.??.??"]
[Round "?"]
[White "Kozul, Zdenko"]
[Black "Mestrovic, Zvonimir"]
[Result "1-0"]
[WhiteElo "2550"]
[BlackElo "2415"]
[PlyCount "81"]
[EventDate "1993.03.??"]
[Source "www.chesslib.no"]
[SourceDate "2004.05.04"]

1. d4 Nc6 2. Nf3 d6 3. c4 e5 4. d5 Nce7 5. Nc3 Ng6 6. g3 Bg4 7. e4 Be7 8. h4 Nf6 9. Be2 O-O 10. Bg5 Nd7 11. Be3 c5 12. Ng5 Bxe2 13. Qxe2 a6 14. O-O-O b5 15. f4 Qa5 16. f5 Nh8 17. Ne6 Rfb8 18. Bg5 b4 19. Nb1 f6 20. b3 fxg5 21. hxg5 Nf7 22. Qh5 Bxg5+ 23. Nxg5 Nxg5 24. Qxg5 Qd8 25. Qe3 a5 26. g4 a4 27. g5 axb3 28. axb3 Ra1 29. f6 Qa5 30. Qh3 Qa3+ 31. Kd2 Qb2+ 32. Ke1 Nf8 33. fxg7 Kxg7 34. Qh6+ Kg8 35. g6 Ra7 36. gxh7+ Nxh7 37. Nd2 Qd4 38. Qe6+ Rf7 39. Ke2 Rbf8 40. Rdf1 Ng5 41. Qg6+ 1-0

[Event "Corr"]
[Site "?"]
[Date "1998.01.05"]
[Round "?"]
[White "Rausch Stephan (GER)"]
[Black "Malinin Vasily Borisovich ("]
[Result "0-1"]
[WhiteElo "2550"]
[BlackElo "2410"]
[PlyCount "56"]
[EventDate "1998.??.??"]
[Source "www.chesslib.no"]
[SourceDate "2004.05.04"]

1. d4 Nc6 2. d5 Ne5 3. f4 Ng6 4. e4 e6 5. dxe6 fxe6 6. Nf3 Bc5 7. Nc3 Nh6 8. Na4 Bb4+ 9. c3 Bd6 10. g3 O-O 11. h4 b6 12. h5 Nh8 13. Bd3 Bb7 14. Qe2 c5 15. b3 a6 16. c4 N8f7 17. Nc3 Ng4 18. Bc2 Nfh6 19. Rh4 Be7 20. Rh3 d5 21. Bd2 d4 22. Nd1 Qd7 23. Nf2 Nxf2 24. Kxf2 Ng4+ 25. Kg2 e5 26. f5 d3 27. Qxd3 Qxd3 28. Bxd3 Rad8 0-1

[Event "BIH-ch team"]
[Site "?"]
[Date "1999.08.22"]
[Round "2"]
[White "Hulak Krunoslav"]
[Black "Mestrovic Zvonimir"]
[Result "1-0"]
[WhiteElo "2493"]
[BlackElo "2466"]
[PlyCount "133"]
[EventDate "1999.??.??"]
[Source "www.chesslib.no"]
[SourceDate "2004.05.04"]

1. d4 Nc6 2. Nf3 d6 3. c4 e5 4. d5 Nce7 5. Nc3 g6 6. g3 Bg7 7. Bg2 h6 8. O-O f5 9. e4 Nf6 10. exf5 gxf5 11. Nh4 O-O 12. f4 e4 13. Be3 c5 14. Bh3 a6 15. a4 Bd7 16. a5 b5 17. axb6 Qxb6 18. Qc2 Rfb8 19. b4 Ng4 20. Bxg4 Qxb4 21. Nxe4 Qb3 22. Qe2 fxg4 23. Rae1 Nxd5 24. cxd5 Qxd5 25. Nf2 Rb2 26. Qd1 Qxd1 27. Rxd1 Bb5 28. Rfe1 Bc3 29. Rb1 Re2 30. Rxe2 Bxe2 31. Rc1 Bb4 32. Rc2 Bb5 33. Nxg4 a5 34. Nxh6+ Kh7 35. Nf7 Bd3 36. Ra2 c4 37. Ng5+ Kg8 38. Ngf3 c3 39. Nd4 Rc8 40. Nc2 Bc4 41. Ra1 Bb3 42. Nd4 a4 43. Nhf3 c2 44. Bc1 Bc5 45. Kf1 Re8 46. f5 Bc4+ 47. Kg2 a3 48. Bxa3 Bxa3 49. Nxc2 Re2+ 50. Kh3 Bc5 51. Ncd4 Re4 52. Rd1 Kg7 53. g4 Re3 54. Kh4 Bb6 55. g5 Bf7 56. Kg3 d5 57. g6 Bg8 58. Kg4 Re4+ 59. Kh5 Kf6 60. h4 Rf4 61. Rb1 Bxd4 62. Nxd4 Rxd4 63. Rb8 Kxf5 64. Rxg8 Kf6 65. Rf8+ Kg7 66. Rf7+ Kg8 67. Rd7 1-0

[Event "ARM-ch"]
[Site "Yerevan"]
[Date "1995.??.??"]
[Round "1"]
[White "Yegiazarian, Arsen"]
[Black "Kalantarian, Norik"]
[Result "1/2-1/2"]
[WhiteElo "2460"]
[BlackElo "2495"]
[PlyCount "31"]
[EventDate "1995.08.??"]
[Source "ChessBase"]

1. d4 Nc6 2. Nf3 d6 3. d5 Nb8 4. c4 Nf6 5. Nc3 g6 6. e4 Bg7 7. Be2 O-O 8. O-O c6 9. h3 Nbd7 10. Be3 Ne8 11. Rc1 a6 12. dxc6 bxc6 13. c5 dxc5 14. Bxc5 Nc7 15. Bd4 Bh6 16. Rc2 1/2-1/2

[Event "HB Global Chess Challenge"]
[Site "?"]
[Date "2005.05.21"]
[Round "7.40"]
[White "Altanoch Genden"]
[Black "Gonzales Jayson"]
[Result "0-1"]
[WhiteElo "2379"]
[BlackElo "2574"]
[PlyCount "76"]
[EventDate "2005.??.??"]
[Source "www.chesslib.no"]
[SourceDate "2004.05.04"]

1. d4 Nc6 2. Nf3 d6 3. d5 Nb8 4. c4 g6 5. Nc3 Bg7 6. e4 Nf6 7. Be2 c6 8. Bg5 h6 9. Bf4 a6 10. Nd2 O-O 11. Rc1 e5 12. Be3 c5 13. h4 h5 14. f3 Nbd7 15. g4 Kh7 16. Nf1 Rh8 17. Bg5 Qa5 18. Qd2 b5 19. Ng3 Kg8 20. gxh5 Nxh5 21. Nxh5 Rxh5 22. f4 Rh8 23. f5 Nf6 24. Rg1 b4 25. Bxf6 bxc3 26. Rxc3 Bxf6 27. h5 g5 28. Rxg5+ Kf8 29. h6 Bd7 30. Rh5 Qxa2 31. Bd3 Rb8 32. Rc2 Ba4 33. Qa5 Qb1+ 34. Kf2 Bxc2 35. Qc7 Qxb2 36. Be2 Bd3 37. h7 Qxe2+ 38. Kg3 Qe3+ 0-1

[Event "Chigorin Mem Open, St Petersburg RUS"]
[Site "?"]
[Date "2001.??.??"]
[Round "9"]
[White "Yevseev, D."]
[Black "Ambrus, E."]
[Result "1-0"]
[WhiteElo "2540"]
[BlackElo "2400"]
[PlyCount "91"]
[EventDate "2001.??.??"]
[Source "www.chesslib.no"]
[SourceDate "2004.05.04"]

1. d4 Nc6 2. d5 Ne5 3. e4 e6 4. Nc3 Bc5 5. dxe6 dxe6 6. Qxd8+ Kxd8 7. Bf4 Ng6 8. O-O-O+ Bd7 9. Bg3 Nf6 10. Be2 h5 11. h4 Ng4 12. Bxg4 hxg4 13. f3 gxf3 14. Nxf3 f6 15. h5 Nf8 16. Rd3 e5 17. h6 g5 18. Nd5 Be7 19. Nxe5 fxe5 20. Bxe5 Rh7 21. Bf6 Bxf6 22. Nxf6 Ke7 23. Nxh7 Nxh7 24. Rc3 c6 25. Kd2 Nf6 26. Ke3 Ng4+ 27. Ke2 Rh8 28. h7 Nf6 29. e5 Bg4+ 30. Ke1 Ne4 31. Rb3 b6 32. Ra3 a5 33. Rh6 Bd7 34. Re3 Nc5 35. Rf3 Ne6 36. Rf5 g4 37. Kf2 Nd8 38. Rg5 Nf7 39. Rg8 Be6 40. Rxh8 Nxh8 41. Kg3 Bd5 42. Rf6 b5 43. Kxg4 Bxg2 44. Rf4 Bd5 45. Kg5 Bf7 46. Rf6 1-0

[Event "Long Beach, CA"]
[Site "Long Beach, CA USA"]
[Date "1994.??.??"]
[Round "5"]
[White "Lputian, Smbat G"]
[Black "Balinas, Rosendo C"]
[Result "1-0"]
[WhiteElo "2590"]
[BlackElo "2350"]
[PlyCount "53"]
[EventDate "1994.??.??"]
[Source "www.chesslib.no"]
[SourceDate "2004.05.04"]

1. d4 Nc6 2. Bg5 f6 3. Bh4 e5 4. dxe5 Nxe5 5. e4 Bb4+ 6. Nd2 d5 7. c3 Be7 8. Ngf3 Bg4 9. Be2 Bxf3 10. Nxf3 dxe4 11. Qa4+ Qd7 12. Qxe4 Qc6 13. Qf5 Nh6 14. Qh5+ Nhf7 15. Nxe5 fxe5 16. Bxe7 Kxe7 17. O-O Qh6 18. Qf3 Nd6 19. Qd5 Rhe8 20. Qc5 Kd8 21. Rad1 Re7 22. Qd5 Qe6 23. Qxb7 Qc8 24. Qd5 Rb8 25. Qg8+ Re8 26. Qxg7 Rxb2 27. Bg4 1-0

[Event "TCh-BIH"]
[Site "Jahorina"]
[Date "2003.06.22"]
[Round "3"]
[White "Drasko, Milan"]
[Black "Mestrovic, Zvonimir"]
[Result "1/2-1/2"]
[WhiteElo "2491"]
[BlackElo "2436"]
[PlyCount "41"]
[EventDate "2003.06.21"]
[Source "Roberto Alvarez"]
[SourceDate "2003.07.07"]

1. d4 Nc6 2. d5 Ne5 3. e4 d6 4. f4 Nd7 5. Nc3 c6 6. Nf3 cxd5 7. exd5 Ngf6 8. Be3 g6 9. Be2 Bg7 10. O-O O-O 11. Qd2 a6 12. a4 Qc7 13. Bd4 Nb6 14. a5 Nbd7 15. Na4 Ne4 16. Qe3 Bxd4 17. Nxd4 Nef6 18. Nc3 Qc5 19. Rfd1 b5 20. axb6 Nxb6 21. b4 1/2-1/2

[Event "III Open"]
[Site "Palma di Maiorca SPA"]
[Date "2008.12.08"]
[Round "3"]
[White "Devereaux, M."]
[Black "Narciso Dublan, M."]
[Result "0-1"]
[WhiteElo "2415"]
[BlackElo "2511"]
[PlyCount "76"]
[EventDate "2008.12.06"]
[Source "www.chesslib.no"]
[SourceDate "2004.05.04"]

1. d4 Nc6 2. c4 e5 3. d5 Nb8 4. Nc3 Bc5 5. Nf3 d6 6. Na4 Bb4+ 7. Bd2 Bxd2+ 8. Nxd2 Nh6 9. g3 O-O 10. Bg2 Nd7 11. O-O f5 12. b4 a5 13. a3 f4 14. c5 axb4 15. axb4 fxg3 16. hxg3 Qg5 17. Ne4 Qh5 18. f3 Qg6 19. Nac3 Rxa1 20. Qxa1 Nf5 21. cxd6 cxd6 22. g4 Ne3 23. Rf2 Nb6 24. Nb5 Bxg4 25. Qc1 Nbxd5 26. Nbc3 Be6 27. Nxd6 Nxc3 28. Qxc3 Nd1 29. Qxe5 Nxf2 30. Kxf2 b6 31. Qd4 Rb8 32. Ne4 Bf7 33. Bh3 Qh6 34. Bg4 Qh4+ 35. Ke3 Qh6+ 36. Kf2 Qh2+ 37. Ke1 Qc7 38. Ng5 Qc1+ 0-1

[Event "Brussels BEL"]
[Site "Brussels BEL"]
[Date "1992.??.??"]
[Round "?"]
[White "Flear, Glenn C"]
[Black "Martin, Andrew D"]
[Result "1-0"]
[WhiteElo "2505"]
[BlackElo "2420"]
[PlyCount "59"]
[EventDate "1992.??.??"]
[Source "www.chesslib.no"]
[SourceDate "2004.05.04"]

1. d4 Nc6 2. c4 e5 3. d5 Nce7 4. g3 Ng6 5. Bg2 Bc5 6. Nc3 Nf6 7. h4 d6 8. h5 Nf8 9. h6 gxh6 10. Bxh6 Ng4 11. Ne4 Bb6 12. e3 Nxh6 13. Rxh6 Qe7 14. Qh5 Ba5+ 15. Kf1 Ng6 16. Rxh7 Rg8 17. Nh3 Nf8 18. Nhg5 Nxh7 19. Nxh7 Kd8 20. Nhf6 Rf8 21. Ke2 b5 22. c5 Bb4 23. c6 Ba5 24. Rh1 b4 25. b3 Bb6 26. Qg5 a5 27. Qg7 Ba6+ 28. Kd2 Kc8 29. Rh8 Rd8 30. Qg8 1-0

[Event "SLO-ch"]
[Site "?"]
[Date "1996.??.??"]
[Round "?"]
[White "Jelen Igor"]
[Black "Mohr Georg"]
[Result "1/2-1/2"]
[WhiteElo "2415"]
[BlackElo "2510"]
[PlyCount "48"]
[EventDate "1996.??.??"]
[Source "www.chesslib.no"]
[SourceDate "2004.05.04"]

1. d4 Nc6 2. c4 e5 3. d5 Nce7 4. e4 Ng6 5. g3 Bc5 6. Qd3 Nf6 7. Be3 Qe7 8. Nc3 O-O 9. Be2 c6 10. h4 cxd5 11. cxd5 Bxe3 12. Qxe3 h6 13. f4 exf4 14. gxf4 Re8 15. h5 Nf8 16. Bf3 d6 17. Nge2 Bf5 18. Ng3 Bxe4 19. Bxe4 Nxe4 20. Ncxe4 f5 21. Nxf5 Qxe4 22. Qxe4 Rxe4+ 23. Kd2 Rxf4 24. Raf1 Rxf1 1/2-1/2

[Event "GM 2004/05"]
[Site "?"]
[Date "2005.01.06"]
[Round "10"]
[White "Pert Nicholas"]
[Black "Gonzales Jayson"]
[Result "1/2-1/2"]
[WhiteElo "2501"]
[BlackElo "2422"]
[PlyCount "89"]
[EventDate "2005.??.??"]
[Source "www.chesslib.no"]
[SourceDate "2004.05.04"]

1. d4 Nc6 2. Nf3 d6 3. d5 Nb8 4. e4 Nf6 5. Bd3 g6 6. h3 Bg7 7. O-O O-O 8. Be3 e6 9. c4 exd5 10. cxd5 c6 11. Nc3 cxd5 12. exd5 Nbd7 13. Qd2 Nb6 14. Be2 Bf5 15. Bg5 Rc8 16. Nd4 Bd7 17. Rac1 Re8 18. Rfe1 Nc4 19. Bxc4 Rxc4 20. Qd3 Qc7 21. Ndb5 Bxb5 22. Nxb5 Rxc1 23. Rxc1 Qa5 24. Bxf6 Bxf6 25. Nxd6 Re1+ 26. Rxe1 Qxe1+ 27. Qf1 Qe5 28. Nc4 Qxd5 29. b3 b5 30. Ne3 Qc5 31. Qe2 Bd4 32. Nc2 Be5 33. Qd3 h5 34. h4 a6 35. Kf1 Bc7 36. g3 Bb6 37. Ne3 Qc1+ 38. Ke2 Kg7 39. Nc2 Qb2 40. a4 b4 41. Kf1 a5 42. Ne3 Qa1+ 43. Kg2 Qf6 44. Qe4 Qb2 45. Qf3 1/2-1/2

[Event "Corr"]
[Site "?"]
[Date "1998.01.05"]
[Round "?"]
[White "Kurth Wilfried (GER)"]
[Black "Malinin Vasily Borisovich ("]
[Result "1-0"]
[WhiteElo "2510"]
[BlackElo "2410"]
[PlyCount "30"]
[EventDate "1998.??.??"]
[Source "www.chesslib.no"]
[SourceDate "2004.05.04"]

1. d4 Nc6 2. c4 e5 3. d5 Nce7 4. e4 Nf6 5. Qc2 Ng6 6. Nd2 a5 7. Ngf3 Bc5 8. Nb3 Be7 9. Bd2 a4 10. Nc1 d6 11. Be2 Bg4 12. O-O Qd7 13. Ne1 Bxe2 14. Nxe2 O-O 15. Ng3 c6 1-0